Arithmétique : Décomposition en facteurs premiers - Statistiques

Statistiques générales
  • Ce quiz a été pris 71 fois
  • Le résultat moyen est 6 sur 10
Statistiques - réponses
Nombre Facteurs % Correct
8 2*2*2
96%
11 11
77%
52 2*2*13
64%
98 2*7*7
63%
1000 2*2*2*5*5*5
61%
450 2*3*3*5*5
61%
999 3*3*3*37
48%
547 547
46%
336 2*2*2*2*3*7
45%
2310 2*3*5*7*11
41%
Aucun quiz correspondant
Distribution des résultats
% des personnes avec chaque résultat
Percentile par nombre de réponses
Votre historique - résultats
Vous n’avez pas pris ce quiz